Kursachsen im Zeitalter der polnisch-sächsischen Staatenunion 1697-1763

Titel: Kursachsen im Zeitalter der polnisch-sächsischen Staatenunion 1697-1763 / Frank-Lothar Kroll
Verfasser:
In: Sächsische Heimatblätter, Band 62, Heft 2 (2016), Seite 96-104
alle Artikel anzeigen
Veröffentlicht: 2016
Umfang: Illustrationen
Format: Aufsatz
Sprache: Deutsch
Schlagworte:
Kein Bild verfügbar
X
alg: 43046978
001A    $03025:09-05-18 
001B    $01999:09-05-18 $t22:47:45.000 
001C    $03025:09-05-18 $t12:14:00.000 
001D    $03025:09-05-18 
001U    $0utf8 
001X    $00 
002@    $0Aou 
002C    $aText $btxt $2rdacontent 
002D    $aohne Hilfsmittel zu benutzen $bn $2rdamedia 
002E    $aBand $bnc $2rdacarrier 
003@    $0430469780 
007A    $0430469780 $aHEB 
010@    $ager 
010E    $erda 
011@    $a2016 
021A    $aKursachsen im Zeitalter der polnisch-sächsischen Staatenunion 1697-1763 $hFrank-Lothar Kroll 
028A    $BVerfasser $#Kroll, Frank Lothar $#Kroll, F.-L. $#Kroll, Frank-L. $#Kroll, Frank L. $#Kroll, Frank $#Kroll, F. L. $#Kroll, F. $4aut $7115477535 $8Kroll, Frank-Lothar$Z1959- [Tp3] $9149676972 
031A    $d62 $e2 $h96-104 $j2016 
034M    $aIllustrationen 
039B    $aEnthalten in $8--Abvc--. Sächsische Heimatblätter. - Niederjahna : Zentrum für Kultur, Geschichte, 1958-. - ISSN 0486-8234 $x201600000620002904 $9047686766 
044K    $RKongresspolen $RWestgalizien $#Generalgouvernement Polen $#Polska $#Rzeczpospolita Polska $#Polska Rzeczpospolita Ludowa $#Poland $#Pologne $#République Polonaise $#Generalne Gubernatorstwo w Polsce $#Polish People's Republic $#Polska Rzeczpospolita Polen $#PRL $#RP $#Polen Generalgouvernement $#Polska Generalgouvernement $#Besetzte Polnische Gebiete $#Besetztes Gebiet in Polen $#Okupowane Polskie Obszary $#Obszary Okupowane w Polsce $#Volksrepublik Polen $#Polska Rosyjska $#Republic Polen $#Respublika Pol'ša $#Pol'skaja Narodnaja Respublika $#République de Pologne $#Polen Links der Weichsel $#Polska po Lewej Stronie Wisły $#Lenkija $#Polija $#Gubernija Carstva Pol'skago $#Republik Polen $74046496-9 $8Polen [Tg1] $9085129801 
044K    $#Sachsen $#Sachsen $#Sakska $#Sajonia $#Sasko $#Königreich Sachsen $#Kurfürstentum Sachsen $#Land Sachsen $#Kursachsen $#Freistaat Sachsen $#Free State of Saxony $#Saxe $#Saxony $#Chur-Sachsen $#Etat Libre de Saxe $#Republik Sachsen $74051176-5 $8Sachsen [Tg1] $9085142662 
044K    $74226744-4 $8Personalunion [Ts1] $9086181483 
044K    $RKulturphilosophie $RZivilisation $#Civilization $#Culture $#Civilisation $#Culture $#Cultura $#Civilización $#Kultur $#Kultur $#kulturelle Faktoren $74125698-0 $8Kultur [Tsz] $9085424803 
045R    $aGeschichte 1697-1763 
045T    $a8,1 

lok: 43046978 78

exp: 43046978 78 1 #EPN
201B/01 $009-05-18 $t12:13:40.000 
201C/01 $009-05-18 
201U/01 $0utf8 
203@/01 $01021850179 
208@/01 $a09-05-18 $be 
209A/01 $a/ $f000 $x00 
209A/01 $ab*p $x01 
220C/01 $apgar 
244Z/01 $#Generalgouvernement Polen $#Polska $#Rzeczpospolita Polska $#Polska Rzeczpospolita Ludowa $#Poland $#Pologne $#République Polonaise $#Generalne Gubernatorstwo w Polsce $#Polish People's Republic $#Polska Rzeczpospolita Polen $#PRL $#RP $#Polen Generalgouvernement $#Polska Generalgouvernement $#Besetzte Polnische Gebiete $#Besetztes Gebiet in Polen $#Okupowane Polskie Obszary $#Obszary Okupowane w Polsce $#Volksrepublik Polen $#Polska Rosyjska $#Republic Polen $#Respublika Pol'ša $#Pol'skaja Narodnaja Respublika $#République de Pologne $#Polen Links der Weichsel $#Polska po Lewej Stronie Wisły $#Lenkija $#Polija $#Gubernija Carstva Pol'skago $#Republik Polen $74046496-9 $8--Tg1--Polen $x01 $9085129801 
247C/01 $82080>Marburg/Lahn, Herder-Institut, Forschungsbibliothek, Bibliographieportal $9336309341
LEADER 00000caa a2200000 c 4500
001 430469780
003 DE-603
005 20180509224745.0
007 tu
008 180509s2016 xx |||| | u00||u|ger c
035 |a (DE-599)HEB430469780 
040 |a DE-603  |b ger  |c DE-603  |d DE-603  |e rda 
041 |a ger 
084 |a 8,1  |2 ssgn 
100 1 |a Kroll, Frank-Lothar  |d 1959-  |e Verfasser  |4 aut  |0 (DE-603)149676972  |0 (DE-588)115477535  |2 gnd 
245 0 0 |a Kursachsen im Zeitalter der polnisch-sächsischen Staatenunion 1697-1763  |c Frank-Lothar Kroll 
264 0 |c 2016 
300 |b Illustrationen 
336 |a Text  |b txt  |2 rdacontent 
337 |a ohne Hilfsmittel zu benutzen  |b n  |2 rdamedia 
338 |a Band  |b nc  |2 rdacarrier 
648 7 |a Geschichte 1697-1763  |2 gnd 
650 7 |a Personalunion  |0 (DE-588)4226744-4  |0 (DE-603)086181483  |2 gnd 
650 7 |a Kultur  |0 (DE-588)4125698-0  |0 (DE-603)085424803  |2 gnd 
651 7 |a Polen  |0 (DE-588)4046496-9  |0 (DE-603)085129801  |2 gnd 
651 7 |a Sachsen  |0 (DE-588)4051176-5  |0 (DE-603)085142662  |2 gnd 
773 0 8 |i Enthalten in  |t Sächsische Heimatblätter  |d Niederjahna : Zentrum für Kultur, Geschichte, 1958-  |x 0486-8234  |g Band 62, Heft 2 (2016), Seite 96-104  |w (DE-603)047686766  |w (DE-600)504423-6 
924 0 |9 2080  |a (DE-603)1021850179  |b DE-2080  |c HES  |d d  |g /